000 01362nam0a22002531 4500
001 rc\4587003
005 20260408030703.0
021 _aRU
_b[64-61072]
035 _a(NLR Aleph) 008659597
090 _a9053013
_c9053013
100 _a20130416d1964 |||y0rusy50 ca
101 0 _arus
102 _aRU
105 _ay z |||||
200 1 _aМетодические рекомендации для разработки предложений по специализации и концентрации сельскохозяйственного производства совхозов и колхозов Казахской ССР
_fГосплан КазССР. М-во сел. хозяйства КазССР. М-во производства и заготовок с.-х. продуктов КазССР. М-во орошаемого земледелия и водного хозяйства КазССР
210 _aАлма-Ата
_cБ. и.
_d1964
215 _a18 с.
_d20
606 _aСельское хозяйство
_yКазахская ССР
_xРазмещение и специализация
_2psbo
712 0 1 _aКазССР
_bГосударственная плановая комиссия
_3RU\NLR\AUTH\8810188500
_9869398
801 0 _aRU
_bNLR
_gpsbo
801 1 _aRU
_bELAR
_2rusmarc
852 _aNLR
_j64-4/13427
942 _cBOOK
980 _aNB